书目信息 |
| 题名: |
宋学的发展和演变
|
|
| 作者: | 漆侠 著 | |
| 分册: | ||
| 出版信息: | 北京 人民出版社 2011.06 |
|
| 页数: | 549页 | |
| 开本: | 24cm | |
| 丛书名: | 人民·联盟文库 | |
| 单 册: | ||
| 中图分类: | B244.05 | |
| 科图分类: | ||
| 主题词: | 学术思想--思想史--研究--宋代 , 学术思想 | |
| 电子资源: | ||
| ISBN: | 978-7-01-009982-8 | |
| 000 | 00926oam2 2200289 450 | |
| 001 | 010050018936 | |
| 005 | 20120626153858.81 | |
| 010 | @a978-7-01-009982-8@dCNY67.00 | |
| 100 | @a20110920d2011 em y0chiy50 ea | |
| 101 | 0 | @achi |
| 102 | @aCN@b110000 | |
| 105 | @ay z 000yy | |
| 106 | @ar | |
| 200 | 1 | @a宋学的发展和演变@9song xue de fa zhan he yan bian@f漆侠著 |
| 210 | @a北京@c人民出版社@d2011.06 | |
| 215 | @a549页@d24cm | |
| 225 | 2 | @a人民·联盟文库@i历史 |
| 306 | @a题名页、封面及书脊出版社题:河北人民出版社 人民出版社 | |
| 308 | @a丛书第二辑 | |
| 330 | @a本书共分四编,包括:唐中叶以来经济文化思想领域里的变化、宋学的形成阶段、宋学的发展阶段、宋学的演变阶段。 | |
| 462 | 0 | @12001 @a人民·联盟文库@i历史 |
| 606 | 0 | @a学术思想@x思想史@x研究@z宋代 |
| 606 | 0 | @a学术思想 |
| 690 | @aB244.05@v4 | |
| 701 | 0 | @a漆侠@9qi xia@4著 |
| 801 | 0 | @aCN@bRENTIAN@c20110920 |
| 905 | @b541364-68@dB244.05@e53@f5 | |
| 宋学的发展和演变/漆侠著.-北京:人民出版社,2011.06 |
| 549页;24cm.-(人民·联盟文库.历史) |
| ISBN 978-7-01-009982-8:CNY67.00 |
| 本书共分四编,包括:唐中叶以来经济文化思想领域里的变化、宋学的形成阶段、宋学的发展阶段、宋学的演变阶段。 |
| ● |
| 相关链接 |
|
|
|
|
正题名:宋学的发展和演变
索取号:B244.05/53
 
预约/预借
| 序号 | 登录号 | 条形码 | 馆藏地/架位号 | 状态 | 备注 |
| 1 | 541364 | 205413649 | 第一样本阅览室/ [索取号:B244.05/53] | 在馆 | |
| 2 | 541365 | 205413658 | 第一借阅区/ [索取号:B244.05/53] | 在馆 | |
| 3 | 541366 | 205413667 | 第一借阅区/ [索取号:B244.05/53] | 在馆 | |
| 4 | 541367 | 205413676 | 第一借阅区/ [索取号:B244.05/53] | 在馆 | |
| 5 | 541368 | 205413685 | 第一借阅区/ [索取号:B244.05/53] | 在馆 |